000 00402nam a2200145 a 4500
001 000033452
005 20200930070252.0
008 110829s1912 dr 000 0 spa d
040 _aDO-SdBNP
_bspa
_cBNPHU
082 _axxx
_bB533p
100 1 _aBerroa, Quiterio
_958994
245 1 0 _aPétalos /
_cQuiterio Berroa.
260 _aSanto Domingo :
_bLa cuna de América,
_c1912.
300 _a223 p. ;
_c20 cm.
999 _c32943
_d32943